āl-Islāma. (Record no. 63925)

MARC details
000 -LEADER
fixed length control field 00643cam a22002411 4500
001 - CONTROL NUMBER
control field sa 65004734
003 - CONTROL NUMBER IDENTIFIER
control field DLC
005 - DATE AND TIME OF LATEST TRANSACTION
control field 20260227112133.0
008 - FIXED-LENGTH DATA ELEMENTS--GENERAL INFORMATION
fixed length control field 950308s1961 bg 000 0 beno
010 ## - LIBRARY OF CONGRESS CONTROL NUMBER
LC control number sa 65004734
025 ## - OVERSEAS ACQUISITION NUMBER
Overseas acquisition number PL480:EP-B-762
035 ## - SYSTEM CONTROL NUMBER
System control number (OCoLC)32111086
040 ## - CATALOGING SOURCE
Original cataloging agency DLC
Transcribing agency CU
Modifying agency CU
-- DLC
041 0# - LANGUAGE CODE
Language code of text/sound track or separate title benara
042 ## - AUTHENTICATION CODE
Authentication code premarc
050 00 - LIBRARY OF CONGRESS CALL NUMBER
Classification number BP45
Item number .K5
100 1# - MAIN ENTRY--PERSONAL NAME
Personal name Khan, Anisuzzaman.
245 10 - TITLE STATEMENT
Title āl-Islāma.
260 ## - PUBLICATION, DISTRIBUTION, ETC.
Date of publication, distribution, etc. 1961.
300 ## - PHYSICAL DESCRIPTION
Extent 160 p.
Dimensions 19 cm.
500 ## - GENERAL NOTE
General note Commentary in Bengali; quotations from hadith and Koran in Arabic.
650 #0 - SUBJECT ADDED ENTRY--TOPICAL TERM
Topical term or geographic name entry element Islamic religious education
Form subdivision Textbooks for adults.

No items available.

Powered by Koha